Statistiques concernant Rappeurs de la new wave par images #1

Cliquez ici pour prendre le quiz!

Statistiques générales

  • Ce quiz a été pris 98 fois
  • Le résultat moyen est 9 sur 16

Statistiques - réponses

Réponse% Correct
La fève
98%
Luther
85%
Zamdane
80%
So la lune
74%
NES
71%
Wallace Cleaver
57%
Bekar
56%
H jeune crack
56%
Dali
54%
Selug
50%
Yvnnis
49%
Rounhaa
48%
TIF
35%
Sto
22%
Jewel Usain
21%
Morphée
4%

Distribution des résultats

Percentile par nombre de réponses

% des personnes avec chaque résultat

Votre développement - résultats

Vous n’avez pas pris ce quiz